Jóvenes: una evaluación del conocimiento. La Investigación sobre juventud en México 1986-1999 /

Uloženo v:
Podrobná bibliografie
Hlavní autor: Pérez Islas, José Antonio
Korporace: Instituto Mexicano de la juventud, Centro de Investigación y Estudios sobre Juventud
Médium: Neznámo
Vydáno: México, D.F.: IMJ
Témata:
Tagy: Přidat tag
Žádné tagy, Buďte první, kdo vytvoří štítek k tomuto záznamu!

MARC

LEADER 00000 a2200000 04500
001 26761
003
008 991231s d
040
020 |a 968--5224-03-X  
022 |a 968--5224-03-X  
090 |a 149616  
100 |a Pérez Islas, José Antonio  
110 |a Instituto Mexicano de la juventud  
245 |a Jóvenes: una evaluación del conocimiento. La Investigación sobre juventud en México 1986-1999 /  |c Instituto Mexicano de la juventud  
260 |a México, D.F.:   |b IMJ  
300 |a 634 p. en II tomos  
650 |a JUVENTUD  
650 |a ASPECTOS POLITICOS  
650 |a ASPECTOS SOCIALES  
650 |a ZONAS URBANAS  
650 |a RECESION ECONOMICA  
650 |a PROBLEMAS SOCIALES  
650 |a MOVIMIENTOS ESTUDIANTILES  
650 |a VIOLENCIA  
650 |a MUSICA  
650 |a DESEMPLEO  
650 |a INFORMACION CULTURAL  
650 |a MEDIOS DE COMUNICACION  
650 |a METODOLOGIA  
710 |a Centro de Investigación y Estudios sobre Juventud  
999 |c 11353  |d 11353